| 000 | 01341nam a2200301 i 4500 | ||
|---|---|---|---|
| 003 | DO-SdBNP | ||
| 005 | 20250529124541.0 | ||
| 007 | ta | ||
| 008 | 250529b2024 dr a|||| |||| 00| 0 spa d | ||
| 020 | _a9789945649222 | ||
| 040 |
_aDO-SdBNP _bspa _cBNPHU _erda |
||
| 041 | _aspa | ||
| 082 | 4 |
_axxx _bR618m _222 |
|
| 100 | 1 |
_aRivas, Gerson, _eautor _4aut. _921635 |
|
| 245 | 1 | 0 |
_aMarketing para conseguir empleo ¡Contratado! / _cGerson Rivas. |
| 250 | _aPrimera edición | ||
| 264 | 4 |
_a[Lugar de publicación no identificado] _bPrintbarato, _c©2024. |
|
| 300 |
_a[144] páginas : _bilustraciones ; _c21 cm. |
||
| 336 |
_atexto _btxt _2rdacontent |
||
| 337 |
_asin mediación _bn _2rdamedia |
||
| 338 |
_avolumen _bnc _2rdacarrier |
||
| 500 | _aEstrategias para lograr el puesto que quieres alcanzar | ||
| 500 | _aEdición impresa | ||
| 505 | _aIntroducción -- El rol del marketing para conseguir empleo -- ¿Marketing? -- Marketing personal -- Segunda parte: Comprensión del mercado laboral -- El mercado laboral -- Talento competencia y habilidades -- Empleabilidad -- Reclutamiento y selección -- Tercera parte: Herramientas para conseguir el empleo -- El Curriculum -- La entrevista -- Con-tato -- Actitud --Apéndice: El plan para buscar trabajo. | ||
| 590 | _aInventariado, 2025 /LP | ||
| 910 | _aLP | ||
| 942 |
_2ddc _cLBS1 |
||
| 999 |
_c58864 _d58864 |
||